Loading...
| Religion | 0 | 5 | 0 | 1 | 50 | 73 | 105.40 | 0 | 4 | 0.00 | 0.00 |
| Science - Biology | 0 | 4 | 0 | 1 | 40 | 81 | 99.25 | 0 | 1 | 0.00 | 0.00 |
| History - World | 0 | 4 | 0 | 1 | 40 | 99 | 108.50 | 0 | 2 | 0.00 | 0.00 |
| Literature - American | 0 | 4 | 0 | 1 | 40 | 122 | 129.00 | 0 | 1 | 0.00 | 0.00 |
| Philosophy | 0 | 4 | 1 | 1 | 35 | 104 | 124.00 | 0 | 1 | 0.00 | 0.00 |
| Social Science | 0 | 3 | 0 | 0 | 30 | 85 | 96.33 | 0 | 2 | 0.00 | 0.00 |
| History - Other | 0 | 3 | 0 | 2 | 30 | 102 | 123.67 | 0 | 1 | 0.00 | 0.00 |
| Other Academic | 0 | 3 | 0 | 1 | 30 | 57 | 96.33 | 1 | 1 | 0.00 | 0.00 |
| Science - Physics | 0 | 2 | 0 | 2 | 20 | 127 | 127.50 | 0 | 0 | 0.00 | 0.00 |
| Current Events | 0 | 2 | 0 | 0 | 20 | 69 | 85.50 | 0 | 0 | 0.00 | 0.00 |
| Science - Chemistry | 0 | 2 | 0 | 1 | 20 | 86 | 105.00 | 0 | 0 | 0.00 | 0.00 |
| Fine Arts - Classical Music | 0 | 1 | 0 | 1 | 10 | 134 | 134.00 | 0 | 0 | 0.00 | 0.00 |
| Pop Culture | 0 | 1 | 0 | 0 | 10 | 72 | 72.00 | 0 | 0 | 0.00 | 0.00 |
| Fine Arts - Painting and Sculpture | 0 | 1 | 0 | 0 | 10 | 127 | 127.00 | 0 | 0 | 0.00 | 0.00 |
| Fine Arts - Other | 0 | 1 | 0 | 0 | 10 | 113 | 113.00 | 0 | 0 | 0.00 | 0.00 |
| Literature - European | 0 | 0 | 0 | 0 | 0 | 0.00 | 0 | 0 | 0.00 | 0.00 | |
| Science - Other | 0 | 0 | 0 | 0 | 0 | 0.00 | 0 | 0 | 0.00 | 0.00 | |
| Geography | 0 | 0 | 1 | 0 | -5 | 0.00 | 0 | 0 | 0.00 | 0.00 |